Reverse: 1999: Guess the character by the greeting - Statistics

General Stats
  • This quiz has been taken 406 times
    191 since last reset
  • The average score is 41 of 111
Answer Stats
Hint Answer % Correct
Knock first! Now walk out and wait till I say "Come in please"! Matilda
74%
Greetings! Today your shirt matches the color of your eyes very well. Sonetto
74%
Ranger Brimley salutes you. Brimley
71%
4869 John Titor
70%
Speak. Dikke
62%
First, just to be sure, you didn't bring any coins, did you? La Source
62%
Hello, welcome to the Tombstone Mus... My apologies, I'm losing it a little from all that I've had to do. Necrologist
62%
Stop talking. It's time for a check-up... Please open your mouth. Tooth Fairy
61%
Please be careful. I'm collecting the spores on the mushroom canopy. Even the slightest breath will blow them all over the place... The last I want to see is mushrooms growing all over the neat suitcase. I mean, I love mushrooms, but... we have to keep it moderate. Ezra
58%
Welcome! There's no need to knock, I saw you through the mirror at the door. Kakania
58%
Aloha! Bonjour! Nihao! Konnichiwa! Is there more? Please teach me! Leilani
57%
Action! You're in my scene. In fact, the camera was rolling the moment you stepped into my room. You would've known if you'd read the script in advance. Noire
57%
Hey, Vertin! <It's Vertin! The Vertin!> Hissabeth
56%
I'm not... writing... poems... Зима
55%
Are you here to confirm ___'s expiration date? Don't worry! APPLe
55%
...I have to remind you that jump scares are really outdated. Horropedia
55%
Maybe... maybe we can bring Fire Dance back to the Games. It is a bit dangerous, but we can always have plenty of frogs by the field... Oh, there you are! Come check out my new proposal! Spathodea
55%
*humming* Voyager
55%
Ah-ha! Welcome to ___'s... Whatever this is... 10 rupees for a ticket... Thank you! Kanjira
53%
Oh! Welcome, 維Sir! An-An Lee
52%
A gust of wind from the door! I thought it was my arcane skill, but turns out it's you. Flutterpage
52%
Please watch your step! Books are everywhere, and if you step on them... that hurts me... Marcus
52%
Oh oh oh! Watch out, mate... Regulus
52%
Good day, my lord. You're too kind visiting me, and I regret to receive you in a room of nothing. Tennant
52%
Привет, Ms. Vertin. I'm arranging the travel notes from the last trip. Well yes, sometimes it's hard to identify what I have written, even for myself. Yenisei
52%
Welcome to Typhon's Movie Party! Sotheby
51%
You said it yourself: This is my room. And I may do with it as I please. Anjo Nala
45%
Huh? Where is my hankie? Bunny Bunny
45%
See, Plappy is greeting you. Press the button and say hi to her. Desert Flannel
45%
Wanna catch a ride with me? Usually no kids allowed, but I'll make an exception this one time. J
45%
Don't be in and out. You're bugging me. Lilya
45%
..! It's you. My apologies, Timekeeper. It's hard to unlearn the reflexes of a soldier. Being caught off guard on the battlefield can have serious consequences. But here, I will do my best to adapt to your... hospitality. Moldir
44%
"Vertin abrió la puerta de golpe. Llevaba una expresión que sugería que se había desconectado de la realidad en la que estábamos..." Oh, hey there. Is there somethin you need? Recoleta
44%
You're back. Of course you are, because this place is the "origin"... 37
43%
Hello, chi le ma nin? Ms. Moissan
43%
Are you here for ___ or ___ (___ or ___)? Twins Sleep
43%
Ah, you've made it in! Actually, the lock opens to any code. But the ticking timer on it- that's what gets people scratching their heads. Most locks with a timer attached have a self-destruct program, you see. One wrong try, and you're locked out for good. Ulrich
43%
One, two, three, four, five, six, seven, eight, nine... The number of paper is more than nine. Is this what that girl with the flower needs? They do become yellow after sinking in the Huangjiu and tea. Jiu Niangzi
42%
Welcome to the Arcanum Containment Department! I'll be you guide through Section F. Now, if you look to your right, you'll see some videos from a Beyond arcanist in the 1990s, it's... Oh, huh... I guess I accidentally put in an old reel. Loggerhead
42%
Oh! There it is! Could you... buckle this belt for me? Yes, yes, the tighter the better. They said I must wear these belts; it's important because... What was it they said? Lorelei
42%
You're finally here! I could use a sponsor like you. So there is a new discovery of mine... Windsong
42%
Two gentlemen walked into a fine brick building... Oh, Ms. Timekeeper! My sincerest apologies. I was immersed in a novel and did not notice you... Satsuki
41%
The moment you step onto the stage, <It comes clear to me that the hero hath arrived.> The Fool
41%
Hello, curious explorer. I hope what reflects in the mirror would bring you joy. Door
40%
Please welcome our mysterious guest... Oops, my bad. Just an occupational habit. ONiON
40%
Got a job for me? If you're looking for someone, just gimme something they've used before. I'll find them. Argus
39%
I'm not good at dealing with visitors... It reminds me of something bad. Bkornblume
39%
...Oui, je m'en souviens maintenant. Dans le bureau de grand-mère, nous étions assises à ses côtés, écoutant ses lectures lentes de Pascal et d'Augustin... Agnès, je me rappelle encore le parfum du chocolat chaud dans ta tasse- mêlé de cannelle et de vanille... Timekeeper, 'tis good to see you- no, worry not, you have made no disturbance. Sentinel
39%
Well, another worshiper, hah! Have a seat! Ulu
39%
Oh, it's our "genius." Any insane new ideas? Mesmer Jr.
38%
___... says... hi... Rabies
38%
Bonjour, comment allez-vous? A Knight
36%
Have you not heard of Deimos? The Demigod of Terror, rightfully worshipped by the Cult of Kosmos and soon enough the world. And you should know that- I am he. Alexios
36%
It's always good to have you here, no matter if you found a bargain or suffered a loss. Eternity
36%
"The ___ is delighted by your visit. He is about..." Pickles
36%
Oh, welcome... You appear to have come in a hurry, so there must be an emergency, am I right? Semmelweis
36%
Ohh! Finally made up your mind to share some secrets with me? Grab those onion rings and popcorn and come closer. Yes... tell it to my ear. TTT
36%
One lives, while the other dies. One preaches peace and tolerance, while the other commits unforgivable crimes. So, which one are you seeking? Aleph
35%
...You'd better really have something... *yawning* important to say Blonney
35%
You often show up unexpectedly. Is this a recent trend among houseguests? Giving it some thought, some of my people also flew to another tree unanticipatedly. I see. I will try it someday. Getian
35%
Oh! Nice to meet you! Nice to meet you! Nice to meet you! Balloon Party
34%
Please have a seat. You'll always feel at ease in my room, no matter the time. Isolde
34%
I'm so glad we meet again. When you were gone, I collected every hair of yours and put them in that drawer... Jessica
34%
Guten Tag... No, those aren't the right words, are they? Charon
33%
...Well, the chair is in the middle of the room. Pease take a seat. 6
32%
I know how to treat a new friend like you! Avgust
32%
Squat down when you are before me. Do not make me look up. That's so very disrespectful to a Lord! Erick
32%
Enough sniffing about me like a mole. I haven't any tea or cake for guests. Willow
32%
I'm sorry! I'm sorry! Charlie
31%
Your visits are always unexpected. I appreciate that. Door knocking is more of a formality than a functional necessity. Lucy
31%
Hmm, hmm...? Oh, I just... passed out. Nice to see you here. Take the notebook on the desk and write down what I say... Medicine Pocket
31%
Hmm? Can I help you...? Sorry, your visit was not on my plan so I'm feeling a bit nervous... Melania
31%
Oi, shove off! No staring while I'm changing my bottle water! Argh, well, since you're here, give me a hand and help me tie this sailcloth! White Rum
31%
Good folks who pass under the tree'll get a leaf or flower on their head. Bad folks, on the other hand, they're gettin' a hard old chestnut on the noggin'- spikes and all. Oh, I ain't no softy like them pet store animals. I'm a true Floridian- tough as a pair o' old boots. Buddy Fairchild
30%
You're setting off again, right? And you'd like me to travel with you too? Of course I'll come along! Nautika
30%
Oh, Jefe. Take a seat. Don't stand on ceremony. Centurion
29%
Come it, it's fine, just be careful not to be eaten by them. Pavia
29%
Look. I've just ironed my favorite dress. It's looking almost as good as new now. I know it's a little old, but I love it so much. Kiperina
28%
You're right on time. I was just about to start my meditation practice. Come. Have a seat. Mercuria
28%
Hello, please take a seat. Oh, I'm sorry. Just a minute, I'll find another place for these costumes right now! Bette
27%
If possible... a knock on the door would be appreciated. Click
27%
I'm so glad to have you here- no, I mean, I'm so grateful that you let me stay here! Fatutu
27%
Hello, ma'am. I'm writing a report on the critter brawl at Dodger Stadium. The first thing we learn as Vigiles is to always stay alert and always stay informed. Liang Yue
27%
*gasp* Oh, it's you... You patting me on the shoulder so suddenly triggered my genetic memory of being preyed upon... Barbara
26%
It was rare to see other people in the wilderness where I used to live. But, whenever I saw someone in the distance, we always nodded, whether we were friends or strangers. Oh, not that I'm saying we need to do that every time we meet here. Name Day
26%
You're here... Hey, maybe you can help me with my homework? Oliver Fog
26%
It's so nice to meet you! I've been waiting for so long! X
26%
... Huuu, hm?... Hm. Baby Blue
25%
It is sweet of you to be so quiet when you come to visit, but you needn't be so worried about interrupting- I will be more than happy to incorporate your footsteps and knock-knocking into my performance. Barcarola
23%
Don't think I haven't noticed you looking to pay me a visit out in the Wilderness. Usually, those who see to find me are looking for trouble, I'm glad you're one of the exceptions. So... Buongiorno, signorina. Ezio Auditore
23%
Welcome... My good friend. Ms. Radio
22%
Now, should I put the playhouse near those books? No, that might just put folks on edge... How about the greenhouse? That'd be a fine choice... Or next to those Nixie tubes? The light does fit the hallway... Oh, hello there. Tuesday
22%
No matter business or bonding, you're always welcome. Ms. NewBabel
21%
Well, well, I heard your footsteps when you rounded the corner... Anything I can help you with? Shamane
21%
You are granted an audience with the ____ Arabian. Darley Clatter
20%
You brought me a gentle breeze on the field. Druvis III
20%
...Hmm? You're here. Eagle
20%
Oh, Ms. Vertin... I suggest we spend more time together like this to share more ideas and philosophy. Vila
20%
It's good that you're back safely. Mondlicht
19%
Welcome to my place. We can... play together here. Poltergeist
19%
Oh, finally! Thought you'd forgotten me or something. Lopera
18%
It's always lonely to stay somewhere quiet for a long time... Sweetheart
18%
115... 116... Oh hey! I am... d*** it. ...115... Sputnik
17%
Come on in, friend. Door's always open! Mr. Duncan
15%
Just the time I expected. Be my guest, Timekeeper. Kaalaa Baunaa
14%
Do you have some work for me? Something you need maybe, or someone you need taught a lesson? Kassandra
14%
Heh heh, at your service. Nick Bottom
14%
...Oh, hey! My dear friend! AliEn T
13%
Ah, I'm so glad you are here. How was your day? Cristallo
13%
...What do you wanna hear? We've got plenty of time together. Diggers
12%
What are you looking for? I might be able to help. Pioneer
11%
No matching quizzes found
Score Distribution
Percent of People with Each Score
Percentile by Number Answered
Your Score History
You have not taken this quiz since the last reset